| 000 | 00000nam##2200000za#4500 |
| 001 | 9.606526 |
| 003 | CaOODSP |
| 005 | 20230801131722 |
| 007 | cr ||||||||||| |
| 008 | 150406|2012||||xxc|||||o f|0| 0 fre|d |
| 040 | |aCaOODSP|bfre |
| 043 | |an-cn--- |
| 086 | 1 |aPS83-5/B51F-PDF |
| 110 | 2 |aService correctionnel Canada. |bDirection de la recherche. |
| 245 | 10|aÉvaluation du Programme de maintien des acquis pour les délinquantes autochtones / |h[ressource électronique]|cpréparé par Kim Allenby. |
| 260 | |bService correctionnel Canada. |cMars 2012. |
| 300 | |a1p. |
| 490 | 1 |aRecherche en un coup d'oeil|vB-51 |
| 590 | |a14-03-Supp|b2014-01-17 |
| 775 | 08|tAssessment of the Aboriginal Women's Maintenance Program / |w(CaOODSP)9.578550 |
| 830 | #0|aRecherche en un coup d'œil (Service correctionnel Canada)|vB-51|w(CaOODSP)9.503037 |
| 856 | 40|ahttp://publications.gc.ca|qPDF|s159 Ko|uhttps://publications.gc.ca/collections/collection_2014/scc-csc/PS83-5-B51-fra.pdf|yB-51 |